000 00257nam a22001097a 4500
008 170112b xxu||||| |||| 00| 0 eng d
020 _a072162992X
041 _aeng
080 _a618.2
245 _aCOMPREHENSIVE NEONATAL NURSING
_cKENNER, C
942 _2udc
_cBK
999 _c2766
_d2766